000 00615 a2200193 4500
999 _c915
_d915
020 _a0000000
050 _aRT97.
_bLEE 1972
100 _aLeedam, Elizabeth J.
245 _aCommunity nursing manual :
_bA Guide for auxiliary public health nurses /
_cElizabeth J. Leedam
264 _aDusseldorf
_bMcGraw-Hill,
_c1972
300 _a224 pages :
336 _2rdacontent
_atext
_btxt
337 _2rdamedia
_aunmediated
_bn
338 _2rdacarrier
_avolume
_bnc
440 _aMcGraw-Hill International health services series
500 _aIncludes Index
650 _aCommunity nursing
942 _2lcc
_cBK
_h97.
_iLEE
_kRT